Estrategia obrera y neocapitalismo

Guardado en:
書目詳細資料
主要作者: Gorz, André
格式: Texto
出版: México D.F.: Era
版:2
標簽: 添加標簽
沒有標簽, 成為第一個標記此記錄!

MARC

LEADER 00000 a a2200000 04500
001 23841
003
040 |a CRAI/IIS  |c CRAI/IIS 
090 |a 164200  
100 |a Gorz, André  
245 |a Estrategia obrera y neocapitalismo  
250 |a 2  
260 |a México D.F.:   |b Era  
300 |a 231 p.  
999 |c 6978  |d 6978